La réponse est de plus en plus longue - Géographie - Statistiques

Statistiques générales
  • Ce quiz a été pris 1 507 fois
  • Le résultat moyen est 10 sur 20
Statistiques - réponses
Indice Lettres Réponse % Correct
Commune française au nom le plus court. 1 Y
91%
Ville où on boit du pastis et joue à la pétanque avant d'aller voir l'OM au Vélodrome. 9 Marseille
87%
État américain le plus proche de la Russie. 6 Alaska
85%
Seule ville à être jumelée avec Paris, car :"Seule Paris est digne de ____ ; seule ____ est digne de Paris". 4 Rome
82%
Plus haut sommet d'Afrique, culminant à 5 895 mètres d'altitude. 12 Kilimandjaro
79%
Gare parisienne située rive gauche, anciennement appelé gare d'Orléans. 10 Gare d'{Austerlitz}
73%
Fleuve du nord de l'Italie, qui traverse entre autre la ville de Turin. 2
69%
Région abritant différents peuples celtes durant l'Antiquité ; les Français en seraient les descendants. 5 Gaule
56%
Plus grande ville de Louisiane. 17 La Nouvelle-Orléans
50%
Pays nommé en hommage à un général vénézuélien surnommé "El Libertador". 7 Bolivie
47%
État américain ayant Boston pour capitale. 13 Massachusetts
47%
Ville où on peut se rendre au Palais d'Hiver au bord de la Neva pour observer les collections de l'Ermitage. 16 Saint-Pétersbourg
43%
Ancien nom de Tokyo. 3 Edo
41%
Capitale du Honduras, tristement célèbre pour avoir le taux de meurtre le plus élevé au monde. 11 Tegucigalpa
40%
Pays se trouvant sur la péninsule du Jutland. 8 Danemark
37%
Collectivité d'outre-mer française la plus éloignée de la métropole. 14 Wallis-et-Futuna
32%
Plus ancien des États d'Australie ; c'est également le plus peuplé. 19 Nouvelle-Galles du Sud
17%
Une des cinq région autonome chinoise, en partie recouverte du désert de Gobi. 18 Mongolie-Intérieure
12%
Ville allemande dont 96 des 100 passagers du Concorde étaient originaire lors du crash du 25 juillet 2000. 15 Mönchengladbach
5%
Commune française au nom le plus long (en un seul mot). 20 Niederschaeffolsheim | Mittelschaeffolsheim
3%
Aucun quiz correspondant
Distribution des résultats
% des personnes avec chaque résultat
Percentile par nombre de réponses
Votre historique - résultats
Vous n’avez pas pris ce quiz